[Event "EU Small Countries ol 5th"]
[Site "Andorra"]
[Date "2017.11.17"]
[Round "8.5"]
[White "Ziska, Helgi Dam"]
[Black "Antoniou, Antonis"]
[Result "1-0"]
[WhiteElo "2543"]
[BlackElo "2164"]
[PlyCount "67"]
[EventDate "2017.11.12"]
[EventType "team-tourn"]
[EventRounds "9"]
[EventCountry "AND"]
[SourceTitle "CBM 181 Extra"]
[Source "ChessBase"]
[SourceDate "2017.12.12"]
[SourceVersion "1"]
[SourceVersionDate "2017.12.12"]
[SourceQuality "1"]
[WhiteTeam "Faroe Islands"]
[BlackTeam "Cyprus"]
[WhiteTeamCountry "FAI"]
[BlackTeamCountry "CYP"]

1. e4 e5 2. Nf3 Nc6 3. Bb5 Nf6 4. d3 Bc5 5. Nc3 h6 6. 0-0 d6 7. Na4 Bb6 8. c3 0-0 9. h3 Ne7 10. Nxb6 axb6 11. Ba4 Ng6 12. Bc2 Nh7 13. d4 Qf6 14. Nh2 Qh4 15. Nf3 Qf6 16. Nh2 Qh4 17. Qd3 Nf4 18. Bxf4 Qxf4 19. Nf3 Ng5 20. Nxg5 Qxg5 21. a3 g6 22. Rae1 Kg7 23. Re3 Bd7 24. Rg3 Qf6 25. f4 exf4 26. e5 dxe5 27. dxe5 Qe7 28. Rxg6+ fxg6 29. Qxg6+ Kh8 30. Qxh6+ Kg8 31. Bb3+ Rf7 32. Rxf4 Raf8 33. Qg6+ Kh8 34. Bxf7 1-0

[Event "EU Small Countries ol 5th"]
[Site "Andorra"]
[Date "2017.11.16"]
[Round "7.2"]
[White "Antoniou, Antonis"]
[Black "Efimov, Igor"]
[Result "1/2-1/2"]
[WhiteElo "2164"]
[BlackElo "2397"]
[PlyCount "56"]
[EventDate "2017.11.12"]
[EventType "team-tourn"]
[EventRounds "9"]
[EventCountry "AND"]
[SourceTitle "CBM 181 Extra"]
[Source "ChessBase"]
[SourceDate "2017.12.12"]
[SourceVersion "1"]
[SourceVersionDate "2017.12.12"]
[SourceQuality "1"]
[WhiteTeam "Cyprus"]
[BlackTeam "Monaco"]
[WhiteTeamCountry "CYP"]
[BlackTeamCountry "MNC"]

1. e4 b6 2. d4 Bb7 3. Bd3 e6 4. Nf3 c5 5. dxc5 Bxc5 6. 0-0 a6 7. Qe2 Ne7 8. c4 Ng6 9. Nc3 0-0 10. Na4 Nc6 11. Be3 d6 12. Rac1 Rb8 13. Rfd1 Ba8 14. a3 Bxe3 15. Qxe3 b5 16. cxb5 axb5 17. Nc3 b4 18. Nb5 bxa3 19. bxa3 Qa5 20. Nxd6 Qxa3 21. Nc4 Qe7 22. Nb6 Nce5 23. Nxe5 Nxe5 24. Nxa8 Rxa8 25. Be2 Ra2 26. Rd2 Rxd2 27. Qxd2 Rd8 28. Qe3 g5 1/2-1/2

[Event "Olympiad-41"]
[Site "Tromsoe"]
[Date "2014.08.14"]
[Round "11.4"]
[White "Tin, Jingyao"]
[Black "Antoniou, Antonis"]
[Result "1-0"]
[WhiteElo "2251"]
[BlackElo "2188"]
[PlyCount "120"]
[EventDate "2014.08.02"]
[EventType "team-swiss"]
[EventRounds "11"]
[EventCountry "NOR"]
[SourceTitle "CBM 162"]
[Source "ChessBase"]
[SourceDate "2014.09.17"]
[SourceVersion "1"]
[SourceVersionDate "2014.09.17"]
[SourceQuality "1"]
[WhiteTeam "Singapore"]
[BlackTeam "Cyprus"]
[WhiteTeamCountry "SIN"]
[BlackTeamCountry "CYP"]

1. d4 Nf6 2. c4 e6 3. Nc3 Bb4 4. Qc2 0-0 5. a3 Bxc3+ 6. Qxc3 Qe8 7. g3 d6 8. Bg2 e5 9. dxe5 Qxe5 10. Qxe5 dxe5 11. b4 Re8 12. Bb2 a6 13. h3 Nbd7 14. e3 e4 15. Ne2 Ne5 16. Bxe5 Rxe5 17. 0-0 Be6 18. Rfc1 Rd8 19. Nd4 Bc8 20. Bf1 Nd7 21. c5 Nf8 22. Rd1 Ree8 23. Bg2 f5 24. Bf1 Kf7 25. Bc4+ Kf6 26. b5 axb5 27. Nxb5 Be6 28. Be2 Rxd1+ 29. Rxd1 Rc8 30. g4 Nd7 31. gxf5 Bxf5 32. Nd4 Ne5 33. Nxf5 Kxf5 34. Bg4+ Nxg4 35. hxg4+ Kxg4 36. Rd7 h5 37. Rxg7+ Kf3 38. Kf1 h4 39. Rf7+ Kg4 40. Kg2 h3+ 41. Kh2 Re8 42. Rf4+ Kg5 43. Kxh3 Re5 44. Kg3 Rxc5 45. Rxe4 Rc1 46. f4+ Kf6 47. Rb4 b6 48. Kf3 Ke6 49. Re4+ Kd5 50. Re5+ Kc4 51. f5 c5 52. Ke4 Rf1 53. Re6 b5 54. Rc6 Ra1 55. f6 Rxa3 56. f7 Ra8 57. Kf5 b4 58. e4 b3 59. Rb6 Ra1 60. e5 b2 1-0

[Event "Olympiad-41"]
[Site "Tromsoe"]
[Date "2014.08.12"]
[Round "10.4"]
[White "Antoniou, Antonis"]
[Black "Gluckman, David"]
[Result "1-0"]
[WhiteElo "2188"]
[BlackElo "2236"]
[PlyCount "115"]
[EventDate "2014.08.02"]
[EventType "team-swiss"]
[EventRounds "11"]
[EventCountry "NOR"]
[SourceTitle "CBM 162"]
[Source "ChessBase"]
[SourceDate "2014.09.17"]
[SourceVersion "1"]
[SourceVersionDate "2014.09.17"]
[SourceQuality "1"]
[WhiteTeam "Cyprus"]
[BlackTeam "South Africa"]
[WhiteTeamCountry "CYP"]
[BlackTeamCountry "RSA"]

1. e4 Nf6 2. e5 Nd5 3. c4 Nb6 4. d4 d6 5. exd6 exd6 6. Nf3 Be7 7. h3 Bf5 8. Bd3 Bxd3 9. Qxd3 0-0 10. 0-0 c6 11. Nc3 d5 12. c5 N6d7 13. b4 Na6 14. b5 Nc7 15. Rb1 Ne6 16. bxc6 bxc6 17. Qa6 Qc8 18. Qa4 Bf6 19. Ne2 Re8 20. Be3 a5 21. Rb3 g6 22. Rfb1 Ra7 23. Nf4 Kg7 24. Nd3 Qa6 25. Qa3 Nc7 26. Nde5 Bxe5 27. dxe5 Ne6 28. Qc1 Raa8 29. Rb7 Ra7 30. R7b3 Raa8 31. Rb7 Ra7 32. R7b6 Nxb6 33. cxb6 Raa8 34. Bg5 h5 35. Bf6+ Kh7 36. Qxc6 Rab8 37. Ng5+ Nxg5 38. Bxg5 Qb7 39. Qf6 Re6 40. Qf4 Qd7 41. Qd4 Rb7 42. Be3 Rc6 43. Qf4 Kg8 44. Rd1 Qe6 45. Qg5 Rc8 46. Qh6 Rc4 47. Qg5 Rb8 48. Bd4 Qc6 49. Qe3 Qa4 50. Rd2 Qc6 51. Rd1 Re8 52. a3 Qa4 53. Rd2 Rc1+ 54. Kh2 Rb1 55. e6 Qc6 56. Qe5 f6 57. Qxf6 Qd6+ 58. g3 1-0

[Event "EU-ch Small Nations zt 1.10"]
[Site "Larnaka"]
[Date "2014.04.30"]
[Round "11"]
[White "Antoniou, Antonis"]
[Black "Maccapani, Massimiliano"]
[Result "1-0"]
[WhiteElo "2201"]
[BlackElo "2054"]
[PlyCount "69"]
[EventDate "2014.04.22"]
[EventType "tourn"]
[EventRounds "11"]
[EventCountry "CYP"]
[SourceTitle "CBM 160 Extra"]
[Source "ChessBase"]
[SourceDate "2014.07.01"]
[SourceVersion "1"]
[SourceVersionDate "2014.07.01"]
[SourceQuality "1"]

1. e4 c5 2. Nf3 a6 3. c4 d6 4. d4 cxd4 5. Nxd4 Nf6 6. Nc3 e6 7. Be2 Be7 8. 0-0 0-0 9. Be3 Nbd7 10. Qd2 Qc7 11. f3 b6 12. Rac1 Bb7 13. Rfd1 Rac8 14. Bf1 Qb8 15. Nc2 Ne8 16. Na4 Bd8 17. Qf2 Nc5 18. Nc3 Bc7 19. g3 Nf6 20. g4 Bd8 21. Nd4 Ncd7 22. g5 Nh5 23. Be2 g6 24. Qh4 Ng7 25. Qh3 Ne5 26. b3 Nc6 27. Nc2 Ne7 28. Nb4 Nc6 29. Nd3 Ne7 30. Nf2 Ne8 31. Ng4 Nc6 32. f4 Ng7 33. e5 Ne8 34. exd6 Nxd6 35. Rxd6 1-0

[Event "EU-ch Small Nations zt 1.10"]
[Site "Larnaka"]
[Date "2014.04.28"]
[Round "8"]
[White "Wiedenkeller, Michael"]
[Black "Antoniou, Antonis"]
[Result "1-0"]
[WhiteElo "2475"]
[BlackElo "2201"]
[PlyCount "67"]
[EventDate "2014.04.22"]
[EventType "tourn"]
[EventRounds "11"]
[EventCountry "CYP"]
[SourceTitle "CBM 160 Extra"]
[Source "ChessBase"]
[SourceDate "2014.07.01"]
[SourceVersion "1"]
[SourceVersionDate "2014.07.01"]
[SourceQuality "1"]

1. d4 d5 2. c4 c6 3. Nc3 Nf6 4. e3 e6 5. Nf3 Nbd7 6. Bd3 Bd6 7. 0-0 0-0 8. e4 dxe4 9. Nxe4 Nxe4 10. Bxe4 Qc7 11. c5 Be7 12. g3 e5 13. Nxe5 Nxe5 14. Bf4 Bg4 15. Qxg4 Nxg4 16. Bxc7 Rac8 17. Ba5 Nf6 18. Bg2 Bd8 19. Bd2 Bc7 20. Rfe1 Rfe8 21. b4 Rcd8 22. Rxe8+ Nxe8 23. Be3 Nf6 24. b5 cxb5 25. Bxb7 a5 26. a3 Rb8 27. Bc6 b4 28. axb4 axb4 29. Bc1 Kf8 30. Bb2 Bd8 31. Kf1 Ng4 32. h3 Nh6 33. Ke2 Nf5 34. Be4 1-0

[Event "EU-ch Small Nations zt 1.10"]
[Site "Larnaka"]
[Date "2014.04.27"]
[Round "7"]
[White "Antoniou, Antonis"]
[Black "De la Riva Aguado, Oscar"]
[Result "1/2-1/2"]
[WhiteElo "2201"]
[BlackElo "2529"]
[PlyCount "40"]
[EventDate "2014.04.22"]
[EventType "tourn"]
[EventRounds "11"]
[EventCountry "CYP"]
[SourceTitle "CBM 160 Extra"]
[Source "ChessBase"]
[SourceDate "2014.07.01"]
[SourceVersion "1"]
[SourceVersionDate "2014.07.01"]
[SourceQuality "1"]

1. e4 d5 2. exd5 Qxd5 3. Nc3 Qd6 4. d4 Nf6 5. Nb5 Qb6 6. c4 c6 7. Nc3 g6 8. Be2 Bg7 9. h3 0-0 10. Nf3 Nbd7 11. 0-0 c5 12. d5 Ne8 13. Qc2 Nd6 14. Bf4 Nf6 15. g4 h5 16. Ne5 hxg4 17. hxg4 Nd7 18. Nf3 Nf6 19. Ne5 Nd7 20. Nf3 Nf6 1/2-1/2

[Event "EU Small Countries ol 3rd"]
[Site "Monte Carlo"]
[Date "2013.11.28"]
[Round "5"]
[White "Antoniou, Antonis"]
[Black "Cecchetti, Roberto"]
[Result "1/2-1/2"]
[WhiteElo "2210"]
[BlackElo "1934"]
[PlyCount "48"]
[EventDate "2013.11.25"]
[EventType "team-tourn"]
[EventRounds "9"]
[EventCountry "MNC"]
[SourceTitle "CBM 157 Extra"]
[Source "ChessBase"]
[SourceDate "2013.12.19"]
[SourceVersion "1"]
[SourceVersionDate "2013.12.19"]
[SourceQuality "1"]
[WhiteTeam "Cyprus"]
[BlackTeam "San Marino"]
[WhiteTeamCountry "CYP"]
[BlackTeamCountry "SMR"]

1. e4 c5 2. Nf3 g6 3. c4 Nc6 4. d4 cxd4 5. Nxd4 Nf6 6. Nc3 Bg7 7. Be3 Ng4 8. Qxg4 Nxd4 9. Qd1 e5 10. Nb5 0-0 11. Qd2 Qh4 12. Bd3 Nxb5 13. cxb5 d5 14. exd5 f5 15. g3 Qf6 16. Bc5 Rd8 17. Qb4 Re8 18. 0-0-0 b6 19. Be3 Bb7 20. Bc4 Kh8 21. Kb1 Red8 22. Rhe1 Rd6 23. Bg5 Qf8 24. Qb3 Qf7 1/2-1/2

[Event "CYP-ch"]
[Site "Nikosia/Larnaca/Limassol"]
[Date "2013.09.21"]
[Round "5"]
[White "Antoniou, Antonis"]
[Black "Kelires, Andreas"]
[Result "1/2-1/2"]
[WhiteElo "2206"]
[BlackElo "2189"]
[PlyCount "50"]
[EventDate "2013.09.07"]
[EventType "tourn"]
[EventRounds "9"]
[EventCountry "CYP"]
[SourceTitle "EXT 2014"]
[Source "ChessBase"]
[SourceDate "2013.11.20"]
[SourceVersion "1"]
[SourceVersionDate "2013.11.20"]
[SourceQuality "1"]

1. e4 c5 2. Nf3 d6 3. Bb5+ Nd7 4. 0-0 a6 5. Bd3 Ngf6 6. c3 e5 7. Bc2 Be7 8. a4 b6 9. d4 Bb7 10. Qe2 0-0 11. Rd1 Qc7 12. d5 b5 13. Na3 bxa4 14. Nc4 a5 15. Rxa4 Ba6 16. Bd3 Bxc4 17. Bxc4 Nb6 18. Ra2 Nxc4 19. Qxc4 Nd7 20. Be3 Nb6 21. Qd3 Qb7 22. Nd2 Rfb8 23. Rda1 a4 24. f3 f5 25. Nf1 h6 1/2-1/2

[Event "CYP-ch"]
[Site "Nikosia/Larnaca/Limassol"]
[Date "2013.09.15"]
[Round "4"]
[White "Aristotelous, Vassilis"]
[Black "Antoniou, Antonis"]
[Result "0-1"]
[WhiteElo "1960"]
[BlackElo "2206"]
[PlyCount "60"]
[EventDate "2013.09.07"]
[EventType "tourn"]
[EventRounds "9"]
[EventCountry "CYP"]
[SourceTitle "EXT 2014"]
[Source "ChessBase"]
[SourceDate "2013.11.20"]
[SourceVersion "1"]
[SourceVersionDate "2013.11.20"]
[SourceQuality "1"]

1. e4 e5 2. d4 exd4 3. Nf3 Nc6 4. Bc4 Nf6 5. e5 Ng4 6. 0-0 Be7 7. Re1 d6 8. Bb5 Ngxe5 9. Nxe5 dxe5 10. Rxe5 0-0 11. Bxc6 bxc6 12. Qf3 Bf6 13. Re1 Re8 14. Bd2 Rxe1+ 15. Bxe1 Qd5 16. Nd2 Bf5 17. Rc1 Re8 18. Qb3 h6 19. Nf1 Be6 20. Qxd5 Bxd5 21. b3 c5 22. Ng3 g6 23. Ba5 c6 24. Rd1 h5 25. Re1 Rxe1+ 26. Bxe1 h4 27. Nf1 Be4 28. c3 dxc3 29. Ne3 c2 30. Bd2 Bb2 0-1

[Event "CYP-ch"]
[Site "Cyprus"]
[Date "2012.02.12"]
[Round "12"]
[White "Margaritis, Ioannis"]
[Black "Antoniou, Antonis"]
[Result "0-1"]
[WhiteElo "1564"]
[BlackElo "2180"]
[PlyCount "80"]
[EventDate "2012.01.07"]
[EventType "swiss"]
[EventRounds "12"]
[EventCountry "CYP"]
[SourceTitle "EXT 2014"]
[Source "ChessBase"]
[SourceDate "2013.11.20"]
[SourceVersion "1"]
[SourceVersionDate "2013.11.20"]
[SourceQuality "1"]

1. e4 d6 2. Nf3 Nf6 3. Nc3 e5 4. Bc4 Be7 5. d4 Nbd7 6. 0-0 0-0 7. Re1 h6 8. a3 c6 9. dxe5 dxe5 10. Qe2 b5 11. Ba2 a6 12. Be3 Qc7 13. Nd2 Rd8 14. f3 Rb8 15. Nd1 Nc5 16. b4 Ne6 17. Nb3 c5 18. bxc5 Nxc5 19. Qf2 Na4 20. Re2 Bxa3 21. Nd2 Nc3 22. Nxc3 Qxc3 23. Nb3 Be6 24. Ree1 Bb4 25. Rad1 Qc6 26. Bd2 Rxd2 27. Rxd2 a5 28. Kh1 Rc8 29. Red1 Bxd2 30. Rxd2 Qc3 31. h3 a4 32. Rd3 Qxc2 33. Qxc2 Rxc2 34. Bb1 Bxb3 35. Bxc2 Bxc2 36. Rc3 Bb3 37. Kg1 b4 38. Rc8+ Kh7 39. Kf2 a3 40. Ke3 Ba2 0-1

[Event "CYP-ch"]
[Site "Cyprus"]
[Date "2012.02.04"]
[Round "9"]
[White "Paunescu, Valentin"]
[Black "Antoniou, Antonis"]
[Result "0-1"]
[WhiteElo "2140"]
[BlackElo "2180"]
[PlyCount "82"]
[EventDate "2012.01.07"]
[EventType "swiss"]
[EventRounds "12"]
[EventCountry "CYP"]
[SourceTitle "EXT 2014"]
[Source "ChessBase"]
[SourceDate "2013.11.20"]
[SourceVersion "1"]
[SourceVersionDate "2013.11.20"]
[SourceQuality "1"]

1. d4 d6 2. Nf3 g6 3. g3 Bg7 4. Bg2 e5 5. dxe5 dxe5 6. Qxd8+ Kxd8 7. 0-0 f6 8. c3 c6 9. Na3 Nh6 10. Nc4 Nf7 11. b3 Be6 12. Ba3 Bxc4 13. bxc4 Bf8 14. Bb2 Nd7 15. Nd2 Kc7 16. Rfd1 Nb6 17. Rab1 Be7 18. Kf1 a5 19. Ke1 a4 20. e3 Rhd8 21. Bf1 f5 22. Be2 e4 23. f4 Bc5 24. Kf2 Rd6 25. Nf1 Nd7 26. g4 fxg4 27. Bxg4 Nb6 28. Be2 Rf6 29. Rd4 g5 30. Rxe4 gxf4 31. Kg2 Rg8+ 32. Kh1 Ng5 33. Rxf4 Nh3 34. Ng3 Nxf4 35. exf4 Rxf4 36. Bc1 Rf2 37. Bd3 Nd7 38. Bh6 Ne5 39. Bxh7 Rh8 40. Bg7 Rxh2+ 41. Kxh2 Rxh7+ 0-1

[Event "CYP-ch"]
[Site "Cyprus"]
[Date "2012.01.21"]
[Round "5"]
[White "Constantinou, Pavlos"]
[Black "Antoniou, Antonis"]
[Result "0-1"]
[WhiteElo "2086"]
[BlackElo "2180"]
[PlyCount "56"]
[EventDate "2012.01.07"]
[EventType "swiss"]
[EventRounds "12"]
[EventCountry "CYP"]
[SourceTitle "EXT 2014"]
[Source "ChessBase"]
[SourceDate "2013.11.20"]
[SourceVersion "1"]
[SourceVersionDate "2013.11.20"]
[SourceQuality "1"]

1. d4 d6 2. Nf3 Nf6 3. c4 g6 4. Nc3 Bg7 5. Bg5 h6 6. Bh4 g5 7. Bg3 Nh5 8. e3 c5 9. d5 Qa5 10. Qc2 Bxc3+ 11. bxc3 Nd7 12. Bd3 g4 13. Nh4 Nxg3 14. hxg3 Ne5 15. 0-0 Bd7 16. Be2 0-0-0 17. Rab1 Qa4 18. Qb2 b6 19. Bd1 Qxc4 20. Bb3 Qe4 21. Qe2 c4 22. Rbd1 cxb3 23. axb3 Kb8 24. Rd4 Qh7 25. Ra1 Rc8 26. Qa6 Rc7 27. Rb4 Rb7 28. c4 Rc8 0-1

[Event "Olympiad-39"]
[Site "Khanty-Mansiysk"]
[Date "2010.10.03"]
[Round "11.1"]
[White "Antoniou, Antonis"]
[Black "De la Riva Aguado, Oscar"]
[Result "0-1"]
[WhiteElo "2172"]
[BlackElo "2521"]
[PlyCount "64"]
[EventDate "2010.09.21"]
[EventType "team-swiss"]
[EventRounds "11"]
[EventCountry "RUS"]
[SourceTitle "CBM 139"]
[Source "ChessBase"]
[SourceDate "2010.11.18"]
[SourceVersion "1"]
[SourceVersionDate "2010.11.18"]
[SourceQuality "1"]
[WhiteTeam "Cyprus"]
[BlackTeam "Andorra"]
[WhiteTeamCountry "CYP"]
[BlackTeamCountry "AND"]

1. e4 c5 2. Nf3 Nc6 3. d4 cxd4 4. Nxd4 Qc7 5. Nb5 Qb8 6. c4 Nf6 7. N5c3 b6 8. Be2 Bb7 9. 0-0 e6 10. Be3 Bc5 11. Qd2 0-0 12. Rd1 Re8 13. Bxc5 bxc5 14. f3 Nd4 15. Na3 d5 16. exd5 exd5 17. Rf1 h5 18. Rae1 h4 19. cxd5 h3 20. Bc4 hxg2 21. Kxg2 Qd6 22. Qg5 Nh7 23. Qg3 Qh6 24. Ne4 Nf5 25. Qf2 Ng5 26. Nb5 Nh3 27. Qd2 Nf4+ 28. Kh1 Rxe4 29. fxe4 Ng3+ 30. Kg1 Nh3+ 31. Kg2 Qxd2+ 32. Kxg3 Qg5+ 0-1

[Event "Olympiad-39"]
[Site "Khanty-Mansiysk"]
[Date "2010.10.01"]
[Round "10.1"]
[White "Shobaita, Talal"]
[Black "Antoniou, Antonis"]
[Result "1-0"]
[WhiteElo "2160"]
[BlackElo "2172"]
[PlyCount "123"]
[EventDate "2010.09.21"]
[EventType "team-swiss"]
[EventRounds "11"]
[EventCountry "RUS"]
[SourceTitle "CBM 139"]
[Source "ChessBase"]
[SourceDate "2010.11.18"]
[SourceVersion "1"]
[SourceVersionDate "2010.11.18"]
[SourceQuality "1"]
[WhiteTeam "Palestine"]
[BlackTeam "Cyprus"]
[WhiteTeamCountry "PLE"]
[BlackTeamCountry "CYP"]

1. d4 d6 2. e4 Nf6 3. Nc3 e5 4. f3 exd4 5. Qxd4 Nc6 6. Bb5 Bd7 7. Qf2 a6 8. Bxc6 Bxc6 9. Nge2 d5 10. 0-0 Bd6 11. Bg5 dxe4 12. fxe4 Be5 13. Rad1 Qe7 14. Nd4 Qc5 15. Bxf6 gxf6 16. Nxc6 Qxf2+ 17. Rxf2 bxc6 18. Rf3 Rb8 19. b3 Ke7 20. Ne2 Rb4 21. c4 a5 22. Nd4 Rb6 23. Nf5+ Ke6 24. Rfd3 Rg8 25. g3 c5 26. Kg2 Ra8 27. Ng7+ Ke7 28. Rd7+ Kf8 29. Nf5 Bd6 30. Nxd6 cxd6 31. R1xd6 Rxd6 32. Rxd6 a4 33. Rxf6 axb3 34. axb3 Ra2+ 35. Rf2 Ra3 36. Rb2 Ke7 37. Kf3 Ke6 38. Kf4 Ra1 39. Rf2 Re1 40. h4 f6 41. g4 Rh1 42. h5 h6 43. b4 cxb4 44. Rb2 Rf1+ 45. Ke3 Ke5 46. Rxb4 Re1+ 47. Kd3 Rd1+ 48. Kc2 Rg1 49. c5 Rxg4 50. Rc4 Rg7 51. Kd3 f5 52. exf5 Kxf5 53. c6 Rc7 54. Kd4 Kg4 55. Ke5+ Kxh5 56. Kf6 Rc8 57. c7 Rf8+ 58. Kg7 Rc8 59. Rc5+ Kg4 60. Kxh6 Kf4 61. Kg6 Ke4 62. Kf6 1-0

[Event "CYP-ch"]
[Site "Lefkosia"]
[Date "2010.02.07"]
[Round "8"]
[White "Brown, Peter"]
[Black "Antoniou, Antonis"]
[Result "0-1"]
[WhiteElo "2189"]
[BlackElo "2155"]
[PlyCount "54"]
[EventDate "2010.01.09"]
[EventType "swiss"]
[EventRounds "9"]
[EventCountry "CYP"]
[SourceTitle "EXT 2011"]
[Source "ChessBase"]
[SourceDate "2010.11.26"]
[SourceVersion "1"]
[SourceVersionDate "2010.11.26"]
[SourceQuality "1"]

1. Nf3 Nf6 2. b4 g6 3. Bb2 Bg7 4. g3 0-0 5. Bg2 d6 6. 0-0 c6 7. a3 a5 8. d3 axb4 9. axb4 Rxa1 10. Bxa1 Qb6 11. c3 Nd5 12. Qa4 Bd7 13. Qa3 Qa6 14. Nd4 Bxd4 15. cxd4 Qb5 16. Bxd5 Qxd5 17. f3 Na6 18. Kg2 Ra8 19. Qa5 Qxa5 20. bxa5 Nc7 21. Bc3 Nb5 22. Ba1 Rxa5 23. Nd2 Ra2 24. Rd1 Na3 25. Kf2 b5 26. Ne4 b4 27. Nd2 Be6 0-1